Animaux en K - Statistiques

Statistiques générales
  • Ce quiz a été pris 110 fois
  • Le résultat moyen est 3 sur 34
Statistiques - réponses
hint answers % Correct
20 Koala
99%
8 Kangourou
86%
18 Kiwi
73%
21 Kob
8%
2 Kakapo
7%
30 Koudou
7%
32 Krill
7%
16 Kinkajou
4%
11 Kea
3%
23 Kodiak
3%
28 Kookaburra
3%
6 Kamichi
2%
25 Koi
2%
27 Komondor
1%
1 Kagou
0%
3 Kakawi
0%
4 Kallima
0%
5 Kalong
0%
7 Kangal
0%
9 Karakul
0%
10 Karbau
0%
12 Kerabau
0%
13 Kermes
0%
14 Ketoupa
0%
15 Kikiwi
0%
17 Kishu
0%
19 Klebs
0%
22 Kobold
0%
24 Kohaku
0%
26 Kois
0%
29 Korthals
0%
31 Kouprey
0%
33 Kuhli
0%
34 Kuvasz
0%
Aucun quiz correspondant
Distribution des résultats
% des personnes avec chaque résultat
Percentile par nombre de réponses
Votre historique - résultats
Vous n’avez pas pris ce quiz